Engineering Mechanics : Volume 2. Dynamics
Saved in:
| Main Authors: | , |
|---|---|
| Format: | Book |
| Language: | English |
| Published: |
New York :
John Wiley,
1998
|
| Edition: | 4. ed |
| Subjects: | |
| Tags: |
No Tags, Be the first to tag this record!
|
MARC
| LEADER | 00000nam a22000003a 4500 | ||
|---|---|---|---|
| 001 | stu83019 | ||
| 005 | 20190206124020.1 | ||
| 008 | 040108s1998----xxu-----------------eng-d | ||
| 020 | |a 0-471-24167-9 | ||
| 040 | |a STU |b slo | ||
| 041 | 0 | |a eng | |
| 044 | |a xxu | ||
| 080 | |a 531/534 |7 stu_us_auth*stu7969 | ||
| 080 | |a 531.3 | ||
| 100 | 1 | |a Meriam, J.L. |4 aut | |
| 245 | 1 | |a Engineering Mechanics : |b Volume 2. Dynamics | |
| 250 | |a 4. ed | ||
| 260 | |a New York : |b John Wiley, |c 1998 | ||
| 300 | |a 725 s | ||
| 500 | |a SI Version | ||
| 650 | 7 | |a mechanika aplikovaná |2 stusub | |
| 650 | 7 | |a dynamika |2 stusub | |
| 700 | 1 | |a Kraige, L.G. |4 aut | |
| 996 | |b 284M058345 |c M*11223/2-1 |l MMKN |s A |a 24 |w stu83019_0001 | ||